Chubby Hollywood - Statistics

General Stats
  • This quiz has been taken 27 times
  • The average score is 8 of 20
Answer Stats
Picture Answer % Correct
Selena Gomez
73%
Kevin James
68%
Marlon Brando
64%
Rosie O'Donnell
64%
Kathy Bates
59%
Melissa McCarthy
59%
Queen Latifah
59%
Jennifer Love Hewitt
50%
John Belushi
50%
Jonah Hill
50%
Oliver Hardy
45%
Steven Seagal
45%
Gabourey Sidibe
18%
Hattie McDaniel
18%
Jorge Garcia
18%
Roscoe "Fatty" Arbuckle
18%
Zach Galifianakis
18%
Bud Spencer
9%
Conchata Ferrell
5%
Nick Frost
5%
No matching quizzes found
Score Distribution
Percent of People with Each Score
Percentile by Number Answered
Your Score History
You have not taken this quiz